| 000 | 01221nam a22003137a 4500 | ||
|---|---|---|---|
| 005 | 20111121142439.0 | ||
| 008 | 111121t xxu||||| |||| 00| 0 eng d | ||
| 010 | _aENG-104153 | ||
| 020 |
_a9780071321181 _c525.00 |
||
| 020 |
_a0071321187 _c525.00 |
||
| 035 | _aEN-87686 | ||
| 037 | _bDBAD / PUB | ||
| 040 |
_aDPL _bEng |
||
| 082 | _a624.068 | ||
| 100 | 1 | _935919 | |
| 245 | 1 | 0 |
_aConstruction management fundamentals / _cby Kraig Knutson ... [et al] |
| 250 | _a2nd ed | ||
| 260 |
_aNew Delhi _bTata McGraw-Hill _c2011 |
||
| 270 |
_a7 West Patel Nagar _bNew Delhi _e110008 |
||
| 300 |
_axxi, 697p. : _c24cm(pbk) _bill. |
||
| 490 |
_aMcGraw-Hill series in civil engineering _935945 |
||
| 500 | _aIncludes bibliographical refertences and index | ||
| 500 | _aRev. ed. of: Construction management fundamentals / Clifford J. Schexnayder, Richard E. Mayo. c2004. | ||
| 650 |
_935933 _aConstruction industry _xManagement |
||
| 700 |
_935920 _aKnutson, Kraig. |
||
| 700 |
_aSchexnayder, Cliff J. _935946 |
||
| 942 |
_adpl _cEN _2ddc _h624.068 _mCON |
||
| 999 |
_c58566 _d58566 |
||